Introducción a la Física teórica / (Record no. 144784)

MARC details
000 -LEADER
campo de control de longitud fija 00830nam a2200241 i 4500
001 - NÚMERO DE CONTROL
campo de control 144784
003 - IDENTIFICADOR DE NÚMERO DE CONTROL
campo de control ES-MaACL
005 - FECHA Y HORA DE LA ÚLTIMA TRANSACCIÓN
campo de control 20250725062539.0
007 - CAMPO FIJO DE DESCRIPCIÓN FÍSICA--INFORMACIÓN GENERAL
campo de control de longitud fija t|
008 - DATOS DE LONGITUD FIJA--INFORMACIÓN GENERAL
campo de control de longitud fija 070214s1951 ag r ||||1| spa d
100 1# - ENTRADA PRINCIPAL--NOMBRE DE PERSONA
Nombre de persona Slater, John C.
9 (RLIN) 106770
245 10 - MENCIÓN DEL TÍTULO
Título Introducción a la Física teórica /
Mención de responsabilidad, etc. John C. Slater y Nathaniel H. Frank ; traducido del original inglés por Rafael Grinfeld.
250 ## - MENCION DE EDICION
Mención de edición 1ª ed.
260 ## - PUBLICACIÓN, DISTRIBUCIÓN, ETC.
Lugar de publicación, distribución, etc. Buenos Aires :
Nombre del editor, distribuidor, etc. Espasa-Calpe,
Fecha de publicación, distribución, etc. 1951 (
Fabricante Compañía General Fabril Financiera)
300 ## - DESCRIPCIÓN FÍSICA
Extensión 2 t. ;
Dimensiones 20 cm.
490 1# - MENCIÓN DE SERIE
Mención de serie Nueva ciencia, nueva técnica
650 07 - PUNTO DE ACCESO ADICIONAL DE MATERIA--TÉRMINO DE MATERIA
Término de materia o nombre geográfico como elemento de entrada Física
Fuente del encabezamiento o término embne
9 (RLIN) 12877
700 1# - ENTRADA AGREGADA--NOMBRE PERSONAL
Nombre de persona Frank, Nathaniel H.
9 (RLIN) 52309
700 1# - ENTRADA AGREGADA--NOMBRE PERSONAL
Nombre de persona Grinfeld, Rafael.
9 (RLIN) 60071
830 0# - PUNTO DE ACCESO ADICIONAL DE SERIE-TÍTULO UNIFORME
Título uniforme Nueva ciencia, nueva técnica
9 (RLIN) 181572
852 ## - LOCALIZACIÓN
Ubicación ES-MaACL
Número de control de estantería D-5891-92
Sublocalización o colección R.32090
Holdings
Estatus retirado Estado de pérdida Estado de daño No para préstamo Biblioteca de origen Biblioteca actual Ubicación en estantería Fecha de adquisición Fuente de adquisición Total de préstamos Signatura topográfica completa Código de barras Visto por última vez Precio de reemplazo Tipo de ítem Koha
        Biblioteca del Ateneo de Madrid Biblioteca del Ateneo de Madrid Sala Valle Inclán 17/01/2008     D-5891-92 901151003 23/02/2023 23/02/2023 Libro impreso